LEADER 00757oas 2200217z- 450 001 9910137945503321 011 $a2297-9662 035 $a(DE-599)ZDB2863558-9 035 $a(CKB)110978977124864 035 $a(EXLCZ)99110978977124864 100 $a20230117cuuuuuuuu -u- - 101 0 $ager 200 00$aMitteilungen / Schweizerische Vereinigung der Versicherungsmathematiker = Bulletin / Association Suisse des Actuaires = Bulletin / Swiss Association of Actuaries 210 $cStämpfli$aBern 311 $a1022-5617 517 $aMitteilungen - Schweizerische Vereinigung der Versicherungsmathematiker, SVVM 531 $aSCHWEIZ. AKTUARVER. MITT 906 $aJOURNAL 912 $a9910137945503321 996 $aMitteilungen$91921076 997 $aUNINA LEADER 01105nam a2200253 i 4500 001 991000649189707536 005 20020507171745.0 008 930512s1991 it ||| | ita d 035 $ab10737923-39ule_inst 035 $aLE01300160$9ExL 040 $aDip.to Matematica$beng 084 $aAMS 65F10 100 1 $aCagnazzo, Maria Rosaria$0534505 245 10$aAlcune considerazioni sui metodi iterativi per la risoluzione di sistemi lineari. Tesi di laurea /$claureanda M. R. Cagnazzo ; relat. L. Guercia 260 $aLecce :$bUniversitā degli studi. Facoltā di Scienze. Corso di laurea in Matematica,$ca.a. 1991-92 650 4$aIterative methods 650 4$aLinear systems 700 1 $aGuercia, Liana 907 $a.b10737923$b28-09-16$c28-06-02 912 $a991000649189707536 945 $aLE013 TES 1991/92 CAG1$g1$i2013000229065$lle013$o-$pE0.00$q-$rl$s- $t0$u0$v0$w0$x0$y.i10828370$z28-06-02 996 $aAlcune considerazioni sui metodi iterativi per la risoluzione di sistemi lineari. Tesi di laurea$9911064 997 $aUNISALENTO 998 $ale013$b01-01-93$cm$da $e-$feng$git $h0$i1